Women & guerrilla movements : (Record no. 21053)
[ view plain ]
| 000 -LEADER | |
|---|---|
| fixed length control field | 01178 am a22003015a 4500 |
| 001 - CONTROL NUMBER | |
| control field | ocm49558801 |
| 003 - CONTROL NUMBER IDENTIFIER | |
| control field | OSt |
| 005 - DATE AND TIME OF LATEST TRANSACTION | |
| control field | 20151116153118.0 |
| 008 - FIXED-LENGTH DATA ELEMENTS--GENERAL INFORMATION | |
| fixed length control field | 020405t2002 pau frb s001 0 eng d |
| 020 ## - INTERNATIONAL STANDARD BOOK NUMBER | |
| International Standard Book Number | 0271022744 |
| 040 ## - CATALOGING SOURCE | |
| Original cataloging agency | DLC |
| Transcribing agency | DLC |
| Modifying agency | IUL |
| Language of cataloging | eng |
| Modifying agency | EG-ScBUE |
| 043 ## - GEOGRAPHIC AREA CODE | |
| Geographic area code | cl----- |
| 082 04 - DEWEY DECIMAL CLASSIFICATION NUMBER | |
| Classification number | 305.42098 |
| Edition number | 22 |
| Item number | KAM |
| 100 1# - MAIN ENTRY--PERSONAL NAME | |
| Personal name | Kampwirth, Karen, |
| Dates associated with a name | 1964- |
| 9 (RLIN) | 38756 |
| 245 10 - TITLE STATEMENT | |
| Title | Women & guerrilla movements : |
| Remainder of title | Nicaragua, El Salvador, Chiapas, Cuba / |
| Statement of responsibility, etc | Karen Kampwirth. |
| 246 3# - VARYING FORM OF TITLE | |
| Title proper/short title | Women and guerilla movements |
| 260 ## - PUBLICATION, DISTRIBUTION, ETC. (IMPRINT) | |
| Place of publication, distribution, etc | Pennsylvania : |
| Name of publisher, distributor, etc | Pennsylvania State University Press, |
| Date of publication, distribution, etc | c.2002. |
| 300 ## - PHYSICAL DESCRIPTION | |
| Extent | x, 194 p. ; |
| Dimensions | 23 cm. |
| 500 ## - GENERAL NOTE | |
| General note | Index : p. 187-194. |
| 504 ## - BIBLIOGRAPHY, ETC. NOTE | |
| Bibliography, etc | Bibliography : p. 157-185. |
| 505 0# - FORMATTED CONTENTS NOTE | |
| Formatted contents note | New roles for Sandino's daughters -- Feminine challenges to military rule in El Salvador -- Also a women's rebellion : the rise of the Zapatista army -- Rethinking women and guerrilla movements : back to Cuba. |
| 650 #0 - SUBJECT ADDED ENTRY--TOPICAL TERM | |
| Topical term or geographic name as entry element | Women |
| General subdivision | Political activity |
| Geographic subdivision | Latin America. |
| Source of heading or term | BUEsh |
| 650 #0 - SUBJECT ADDED ENTRY--TOPICAL TERM | |
| Topical term or geographic name as entry element | Women revolutionaries |
| Geographic subdivision | Latin America |
| Form subdivision | Interviews. |
| Source of heading or term | BUEsh |
| 651 ## - SUBJECT ADDED ENTRY--GEOGRAPHIC NAME | |
| Source of heading or term | BUEsh |
| 653 ## - INDEX TERM--UNCONTROLLED | |
| Resource For college | BAEPS, Political Science |
| Arrived date list | November2015 |
| 655 ## - INDEX TERM--GENRE/FORM | |
| Form subdivision | Reading book |
| -- | 34232 |
| 942 ## - ADDED ENTRY ELEMENTS (KOHA) | |
| Source of classification or shelving scheme | Dewey Decimal Classification |
| Withdrawn status | Item status | Source of classification or shelving scheme | Damaged status | Not for loan | Vendor | Home library | Current library | Shelving location | Date acquired | Source of acquisition | Total Checkouts | Total Renewals | Full call number | Barcode | Date last seen | Date last borrowed | Koha item type |
|---|---|---|---|---|---|---|---|---|---|---|---|---|---|---|---|---|---|
| Dewey Decimal Classification | Baccah | Central Library | Central Library | First floor | 16/11/2015 | Purchase | 2 | 13 | 305.42098 KAM | 000031320 | 15/07/2025 | 03/12/2018 | Book - Borrowing | ||||
| Dewey Decimal Classification | Baccah | Central Library | Central Library | First floor | 16/11/2015 | Purchase | 305.42098 KAM | 000031321 | 15/07/2025 | Book - Borrowing |